000 00501pam a2200193 a 4500
020 _c
040 _aMedical College Lib.
041 _aENG
_hENG
082 _a611.8
_bGAR
100 _aGaroutte , B. .
245 _aSurvey of Functional Neuroanatomy /
_c
_hTextual Documents
260 _a :
_bY. B. Med. ,
_c1987.
300 _a211:
_c
365 _a240.00
653 _aAnatomy
_aNeuroanatomy
_aMedical Science
930 _a6085
999 _c6084
_d6084